| 000 | 00734nam a2200277Ia 4500 | ||
|---|---|---|---|
| 003 | SMC | ||
| 005 | 20160722124614.0 | ||
| 008 | 160319s9999 xx 000 0 und d | ||
| 020 | _a971-08-5811-4 | ||
| 050 | _aFIL GR 325 | ||
| 050 | _b.A68 1995 c.2 | ||
| 100 | _aAquino, Gaudencio V. | ||
| 245 | _aTales and legends of long ago : | ||
| 245 | _bvalues-oriented / | ||
| 245 | _cGaudencio V. Aquino. | ||
| 260 | _aMandaluyong: | ||
| 260 | _bNational Books Store, | ||
| 260 | _c1995 | ||
| 300 | _a104 pages : | ||
| 300 | _billustrations ; | ||
| 300 | _c22 cm. | ||
| 650 | _aMythology -- Philippines. | ||
| 650 | _aPhilippines -- Social life and customs. | ||
| 650 | _xFolklore -- Philippines. | ||
| 942 |
_2lcc _cBK |
||
| 999 |
_c291706 _d291706 |
||